000 00587pam a2200193 a 4500
001 2316289
005 20250602124642.0
008 810410s1981 ohua 000 0 eng
020 _a0872394433 :
_c$3.95
050 0 0 _aBV600.2
_b.L35
082 0 0 _a262
_219
100 1 _aLawson, E. LeRoy,
_d1938-
245 1 4 _aThe New Testament church, then and now /
_cby E. LeRoy Lawson.
260 _aCincinnati, Ohio :
_bStandard Pub.,
_cc1981.
300 _a158 p. :
_bill. ;
_c22 cm.
650 0 _aChurch.
650 0 _aChurch history
_yPrimitive and early church, ca. 30-600.
942 _2lcc
_cBK
_n0
999 _c6133
_d6133